| 000 | 00422nam a22001577a 4500 | ||
|---|---|---|---|
| 082 |
_a510.0212 _bCAS |
||
| 100 |
_aCastle, F. _938944 |
||
| 245 | _aFour-figure mathematical tables | ||
| 260 | _bMacmillan Education | ||
| 300 | _ap-55 | ||
| 526 |
_a0 _b0 _c0 _d510_021200000000000_CAS |
||
| 526 |
_a0 _b0 _c0 _d510_021200000000000_CAS |
||
| 526 |
_a0 _b0 _c0 _d510_021200000000000_CAS |
||
| 650 |
_aMCE _9379 |
||
| 942 |
_2ddc _cBK |
||
| 999 |
_c543549 _d543549 |
||